| 000 | 00645nam a2200193 a 4500 | ||
|---|---|---|---|
| 005 | 20210223131025.0 | ||
| 008 | 090622s2005 es r 000 0 spa d | ||
| 020 | _a8493398012 | ||
| 035 | _aUPN01000171339 | ||
| 049 | _aI | ||
| 050 | 4 |
_aPQ2667 R7.3 _bT5.7 |
|
| 100 | 1 |
_aGrenier, Christian, _d1945- _942936 |
|
| 245 | 1 | 3 |
_aEl tirano : _bel Luthier y el tiempo / _ctexto Christian Grenier ; il. Francois Schmidt ; tr. David Villanueva. |
| 260 |
_aMadrid : _bBarbara Fiore, _cc2005. |
||
| 300 |
_a32 p. : _bil. col. |
||
| 534 |
_pTÃtulo original: _tL'atelier du poisson soluble |
||
| 650 | 4 |
_aPOESIA INFANTIL FRANCESA _924495 |
|
| 905 | _aInfantil | ||
| 999 |
_c143444 _d143444 |
||